| 000 | 00380nam a2200157Ia 4500 | ||
|---|---|---|---|
| 008 | 221030s9999 xx 000 0 und d | ||
| 020 | _a8178082314 | ||
| 041 | _aEnglish | ||
| 082 |
_a105.23 _bDat |
||
| 100 | _aC. J. Date | ||
| 245 | 3 | _aAn Introduction to Database systems | |
| 260 |
_bPearson Education _aNew Delhi _c2003 |
||
| 300 | _a938 | ||
| 650 | _aComputers | ||
| 942 | _cBK | ||
| 999 |
_c8694 _d8694 |
||